Hidráulica del régimen permanente en canales y ríos / (Record no. 144412)

MARC details
000 -LEADER
campo de control de longitud fija 00605nam a2200181 4500
001 - NÚMERO DE CONTROL
campo de control 144412
003 - IDENTIFICADOR DE NÚMERO DE CONTROL
campo de control ES-MaACL
005 - FECHA Y HORA DE LA ÚLTIMA TRANSACCIÓN
campo de control 20230906201018.0
007 - CAMPO FIJO DE DESCRIPCIÓN FÍSICA--INFORMACIÓN GENERAL
campo de control de longitud fija t|
008 - DATOS DE LONGITUD FIJA--INFORMACIÓN GENERAL
campo de control de longitud fija 070214s1972 sp r ||||1| spa d
100 1# - ENTRADA PRINCIPAL--NOMBRE DE PERSONA
Nombre de persona Silber, R.
9 (RLIN) 106329
245 10 - MENCIÓN DEL TÍTULO
Título Hidráulica del régimen permanente en canales y ríos /
Mención de responsabilidad, etc. R. Silber ; versión de Jorge Aguiló Bonnin, Rafael Cervera Alvarez.
260 ## - PUBLICACIÓN, DISTRIBUCIÓN, ETC.
Lugar de publicación, distribución, etc. Madrid :
Nombre del editor, distribuidor, etc. Aguilar,
Fecha de publicación, distribución, etc. 1972.
300 ## - DESCRIPCIÓN FÍSICA
Extensión XXIII, 266 p. :
Otras características físicas il. ;
Dimensiones 22 cm.
700 1# - ENTRADA AGREGADA--NOMBRE PERSONAL
Nombre de persona Aguiló Bonnin, Jorge.
9 (RLIN) 18795
700 1# - ENTRADA AGREGADA--NOMBRE PERSONAL
Nombre de persona Cervera Alvarez, Rafael.
9 (RLIN) 37636
852 ## - LOCALIZACIÓN
Ubicación ES-MaACL
Número de control de estantería C-42960
Sublocalización o colección R.81973
Holdings
Estatus retirado Estado de pérdida Estado de daño No para préstamo Biblioteca de origen Biblioteca actual Ubicación en estantería Fecha de adquisición Fuente de adquisición Total de préstamos Signatura topográfica completa Código de barras Visto por última vez Precio de reemplazo Tipo de ítem Koha
        Biblioteca del Ateneo de Madrid Biblioteca del Ateneo de Madrid Depósito 2 17/01/2008     C-42960 1150252 23/02/2023 23/02/2023 Libro impreso